000 00616nam a2200181Ia 4500
001 20093
005 20260306172741.0
008 260306t2013||||xx |||||||||||||| ||spa||
041 _aESP
082 _a342.211
_bP35 T. 4 V. 3 L. 3
100 _aPeces-Barba Martínez, Gregorio
_eAUT
245 0 _aHistoria de los derechos fundamentales. Tomo IV:
_bsiglo XX: Volumen 3: libro 3. Nuevos desarrollos del derecho internacional de los derechos humanos. Especial referencia a España
260 _c2013
300 _axii, páginas : 1498-2152
_c24 cm.
650 _aGEN
654 _aCDE
942 _cLIB
_dJUS
_fJUS
_2ddc
_n
999 _c20093
_d20093